|
|
|
|
| LEADER |
00937nab a2200205 i 4500 |
| 001 |
publ5537 |
| 005 |
20220803144109.0 |
| 008 |
150918s1982 hu o 0|| zxx d |
| 022 |
|
|
|a 0025-0155
|
| 024 |
7 |
|
|a 1064236
|2 mtmt
|
| 040 |
|
|
|a SZTE Publicatio Repozitórium
|b hun
|
| 041 |
|
|
|a zxx
|
| 100 |
1 |
|
|a Solymosi Frigyes
|
| 245 |
1 |
2 |
|a A HNCO adszorpciója és felületi disszociációja Pt(110) felületen
|h [elektronikus dokumentum] :
|b LEED, Auger-, elektron-energiaveszteségi és termikus deszorpciós spektroszkópiai vizsgálatok /
|c Solymosi Frigyes
|
| 260 |
|
|
|a Magyar Kémikusok Egyesülete
|c 1982
|
| 300 |
|
|
|a 149-159
|
| 490 |
0 |
|
|a Magyar Kémiai Folyóirat
|v 88 No. 4
|
| 650 |
|
4 |
|a Fizikai kémia, polimertudomány, elektrokémia (szárazelemek, akkumulátorok, üzemanyagcellák, fémek korróziója, elektrolízis)
|
| 700 |
0 |
1 |
|a Kiss János
|e aut
|
| 856 |
4 |
0 |
|u http://publicatio.bibl.u-szeged.hu/5537/1/019.%20dolgozat.pdf
|z Dokumentum-elérés
|